[Event "Guernsey Open"]
[Site "Guernsey"]
[Date "2009.10.18"]
[Round "1"]
[White "Van Veenendaal, Elmer"]
[Black "Livesey, Nigel"]
[Result "1-0"]
[WhiteElo "2120"]
[BlackElo "1921"]
[PlyCount "61"]
[EventDate "2009.10.18"]

1. d4 d5 2. Nf3 Nf6 3. c4 c6 4. Nc3 a6 5. e3 Bg4 6. Qb3 Ra7 7. Ne5 Bf5 8. Be2
e6 9. c5 Nbd7 10. f4 Nxe5 11. fxe5 Nd7 12. Na4 Be7 13. O-O O-O 14. Bd2 f6 15.
exf6 Bxf6 16. Bd3 Bxd3 17. Qxd3 e5 18. Rf2 e4 19. Qe2 Ra8 20. Qg4 Qe7 21. Raf1
g6 22. Ba5 Bg5 23. Qh3 Rxf2 24. Rxf2 Nf8 25. Nb6 Re8 26. Kf1 Ne6 27. Ke2 Bh4
28. Rf1 Bg5 29. Be1 Nxc5 30. Bb4 Qc7 31. Bxc5 1-0

[Event "Guernsey Open"]
[Site "Guernsey"]
[Date "2009.10.18"]
[Round "1"]
[White "Wood, Peter C"]
[Black "Minnican, Alan William"]
[Result "0-1"]
[WhiteElo "1914"]
[BlackElo "2105"]
[PlyCount "84"]
[EventDate "2009.10.18"]

1. c4 e5 2. Nc3 Nf6 3. Nf3 Nc6 4. g3 Bc5 5. d3 O-O 6. Bg2 d6 7. O-O a5 8. a3 h6
9. Bd2 Bf5 10. Ne1 Qd7 11. Ne4 Nxe4 12. Bxe4 Bxe4 13. dxe4 Qg4 14. Nd3 Qxe4 15.
Nxc5 dxc5 16. Rc1 Nd4 17. Be3 Rfd8 18. Bxd4 Rxd4 19. Qc2 Qxc2 20. Rxc2 a4 21.
e3 Rd3 22. Re1 e4 23. Kg2 Ra6 24. f3 exf3+ 25. Kxf3 Re6 26. Ree2 Red6 27. Kf2
Kf8 28. Ke1 Rd1+ 29. Kf2 Ke7 30. Re1 R1d3 31. Ree2 Ke6 32. Ke1 Ke5 33. Rc3 Ke4
34. Rxd3 Kxd3 35. Rf2 f6 36. Rf5 Kxc4 37. Rf4+ Kb3 38. Rf2 c4 39. Rf4 b5 40.
Rf5 c6 41. Kf2 c3 42. bxc3 Kxa3 0-1

[Event "Guernsey Open"]
[Site "Guernsey"]
[Date "2009.10.18"]
[Round "1"]
[White "Purdon, Colin"]
[Black "Campbell, Eoin"]
[Result "1/2-1/2"]
[WhiteElo "2102"]
[BlackElo "1910"]
[PlyCount "108"]
[EventDate "2009.10.18"]

1. d4 Nf6 2. c4 g6 3. Nc3 d5 4. Bf4 Bg7 5. Nf3 c5 6. dxc5 Qa5 7. cxd5 Nxd5 8.
Qxd5 Bxc3+ 9. Bd2 Be6 10. Bxc3 Qxc3+ 11. Qd2 Qxd2+ 12. Nxd2 Na6 13. e3 Nxc5 14.
Bb5+ Kf8 15. O-O Kg7 16. b4 Rhd8 17. Nf3 Na6 18. a3 Rac8 19. Rac1 Nc7 20. Bc4
Bxc4 21. Rxc4 Nb5 22. Rxc8 Rxc8 23. a4 Nc3 24. Ra1 Nxa4 25. Kf1 b5 26. Nd4 a6
27. Nb3 Rc4 28. Nc5 Rxb4 29. Nxa6 Rc4 30. Rb1 Nc3 31. Rb3 Ra4 32. Rxc3 Rxa6 33.
Rb3 Rb6 34. Ke2 Kf6 35. Rb4 Ke6 36. h4 Kd5 37. h5 Kc5 38. Rb2 Rd6 39. hxg6 hxg6
40. Rc2+ Kb4 41. Rc7 Re6 42. Kd3 Kb3 43. Rc3+ Kb2 44. Rc2+ Kb1 45. Rc5 Rb6 46.
Kc3 Kc1 47. Rc7 Re6 48. Rd7 Re4 49. Rb7 Rc4+ 50. Kd3 Rc2 51. f3 Rd2+ 52. Ke4
Rb2 53. Rxe7 Rxg2 54. Rxf7 Rg5 1/2-1/2

[Event "Guernsey Open"]
[Site "Guernsey"]
[Date "2009.10.18"]
[Round "1"]
[White "Gravett, Alan D"]
[Black "Ippel, Cornelius J"]
[Result "1-0"]
[WhiteElo "1909"]
[BlackElo "2073"]
[PlyCount "69"]
[EventDate "2009.10.18"]

1. g3 e5 2. Bg2 d5 3. Nf3 Nc6 4. O-O Nf6 5. d3 Be7 6. Nbd2 O-O 7. e4 dxe4 8.
dxe4 Bg4 9. c3 Bc5 10. Qc2 Qe7 11. b4 Bb6 12. a4 a5 13. b5 Nb8 14. Nc4 Bxf3 15.
Bxf3 Bc5 16. Ne3 Bxe3 17. Bxe3 Nbd7 18. Qb3 Rfc8 19. Bg2 c5 20. bxc6 bxc6 21.
Rab1 Ne8 22. Rfd1 Rab8 23. Qc4 Nd6 24. Rxb8 Nxc4 25. Rxc8+ Nf8 26. Rdd8 h6 27.
Rxf8+ Kh7 28. Bc1 Qd7 29. Rfd8 Qb7 30. Rb8 Qe7 31. h4 Kg6 32. Bf3 Qc5 33. Rb7
Na3 34. h5+ Kf6 35. Be3 1-0

[Event "Guernsey Open"]
[Site "Guernsey"]
[Date "2009.10.18"]
[Round "1"]
[White "Paardekam, Rene"]
[Black "Cummins, John"]
[Result "1-0"]
[WhiteElo "2072"]
[BlackElo "1898"]
[PlyCount "33"]
[EventDate "2009.10.18"]

1. d4 d5 2. c4 dxc4 3. Nf3 Nf6 4. e3 c5 5. Bxc4 e6 6. O-O Be7 7. Nc3 O-O 8. Qe2
Nc6 9. Rd1 cxd4 10. exd4 Qc7 11. Bg5 Nb4 12. Rac1 Ng4 13. Bxe7 Qxe7 14. d5 Bd7
15. a3 Na6 16. dxe6 fxe6 17. Rxd7 1-0

[Event "Guernsey Open"]
[Site "Guernsey"]
[Date "2009.10.18"]
[Round "1"]
[White "Prins, Jan"]
[Black "Nicholson, John"]
[Result "1-0"]
[WhiteElo "2069"]
[BlackElo "1882"]
[PlyCount "48"]
[EventDate "2009.10.18"]

1. d4 d5 2. Nf3 Nf6 3. c4 dxc4 4. Nc3 c6 5. a4 Bf5 6. e3 Nbd7 7. Bxc4 e6 8. O-O
Qc7 9. Re1 e5 10. Qb3 O-O-O 11. e4 Bg6 12. d5 Nb6 13. Bg5 Bc5 14. dxc6 Nxc4 15.
Qxc4 Qb6 16. cxb7+ Kxb7 17. a5 Bxf2+ 18. Kf1 Qc5 19. Qxc5 Bxc5 20. Bxf6 gxf6
21. b4 Bd4 22. Rac1 Rc8 23. Nxd4 exd4 24. Nb5 a6 1-0

[Event "Guernsey Open"]
[Site "Guernsey"]
[Date "2009.10.18"]
[Round "1"]
[White "Brooker, Chris H"]
[Black "Van Ingen, Ton"]
[Result "1-0"]
[WhiteElo "1866"]
[BlackElo "2068"]
[PlyCount "107"]
[EventDate "2009.10.18"]

1. f4 Nf6 2. b3 d5 3. e3 Bf5 4. Nf3 e6 5. Bb2 Nbd7 6. Be2 c6 7. O-O Bd6 8. Ne5
O-O 9. g4 Bg6 10. Nxg6 fxg6 11. g5 Ne8 12. d4 Be7 13. Bg4 Nc7 14. Nd2 Bxg5 15.
fxg5 Qxg5 16. Kh1 h5 17. Bf3 Qxe3 18. Qe1 Qxe1 19. Raxe1 Rf6 20. Bg2 Raf8 21.
Nf3 Rf5 22. Kg1 g5 23. Ne5 Nxe5 24. Rxe5 g6 25. Bc1 g4 26. Ba3 R8f7 27. c4 dxc4
28. bxc4 Rd7 29. Bc5 a6 30. a4 Kf7 31. h3 g3 32. h4 Kg7 33. Re3 e5 34. Rxe5
Rxe5 35. dxe5 Rd3 36. Bd6 Ne6 37. Bh3 Nd4 38. Bf8+ Kg8 39. e6 Nf3+ 40. Rxf3
Rxf3 41. e7 Rxf8 42. exf8=Q+ Kxf8 43. a5 Ke7 44. Bc8 Kd6 45. Bxb7 Kc5 46. Bxa6
Kb4 47. Bb7 Kxa5 48. Bxc6 Kb4 49. Bd5 Kc5 50. Kg2 Kd6 51. Kxg3 Ke5 52. Kf3 Kf5
53. Be4+ Kf6 54. c5 1-0

[Event "Guernsey Open"]
[Site "Guernsey"]
[Date "2009.10.18"]
[Round "1"]
[White "Goris, Ton"]
[Black "Lenier, Jude"]
[Result "1-0"]
[WhiteElo "2060"]
[BlackElo "1828"]
[PlyCount "45"]
[EventDate "2009.10.18"]

1. e4 e5 2. Nf3 Nc6 3. d4 exd4 4. c3 dxc3 5. Nxc3 Bb4 6. Bc4 d6 7. O-O Nf6 8.
Nd5 Be6 9. Ng5 O-O 10. Nxe6 fxe6 11. Nxb4 Nxb4 12. Bxe6+ Kh8 13. Qb3 Nc6 14.
Qxb7 Qe8 15. Bd5 Nxd5 16. exd5 Nd4 17. Be3 Ne2+ 18. Kh1 Rf5 19. Rae1 Rb8 20.
Qxc7 Rxb2 21. Bd4 Rf7 22. Qc4 Rd2 23. Be3 1-0

[Event "Guernsey Open"]
[Site "Guernsey"]
[Date "2009.10.18"]
[Round "1"]
[White "Reutimann, Hans Peter"]
[Black "Bolt, Graham"]
[Result "0-1"]
[WhiteElo "1812"]
[BlackElo "2054"]
[PlyCount "88"]
[EventDate "2009.10.18"]

1. d4 g6 2. Nf3 Bg7 3. Bf4 d6 4. e3 Nd7 5. c3 e5 6. Bg5 Ngf6 7. Bc4 O-O 8. O-O
Qe8 9. d5 Nb6 10. Bb3 e4 11. Bxf6 Bxf6 12. Nd4 Bg7 13. Nd2 Bd7 14. Rc1 Qe5 15.
c4 Rae8 16. Bc2 f5 17. b4 Qe7 18. Ne2 Kh8 19. Bb3 c6 20. dxc6 bxc6 21. a4 a6
22. Nf4 Rb8 23. c5 Nc8 24. Nc4 d5 25. Na5 Rxb4 26. Qe2 Na7 27. Qxa6 Bc8 28.
Nxc6 Nxc6 29. Qxc6 Rxb3 30. Qxd5 Ra3 31. Qc6 Qa7 32. Rfd1 Rxa4 33. Nxg6+ hxg6
34. Qxg6 Qf7 35. Qc6 Ra7 36. Qb5 Rb7 37. Qa5 Rc7 38. Rd6 Qe7 39. Rcd1 Bb7 40.
Qb5 Bc8 41. c6 Be6 42. h4 Bf6 43. Qb6 Rfc8 44. g3 Be5 0-1

[Event "Guernsey Open"]
[Site "Guernsey"]
[Date "2009.10.18"]
[Round "1"]
[White "De Kruif, Kees"]
[Black "Hoare, Amy"]
[Result "0-1"]
[WhiteElo "2053"]
[BlackElo "1797"]
[PlyCount "78"]
[EventDate "2009.10.18"]

1. b4 d5 2. Bb2 e6 3. e3 Nf6 4. b5 Be7 5. Nf3 Nbd7 6. c4 a6 7. a4 dxc4 8. Bxc4
O-O 9. Nc3 b6 10. O-O Bb7 11. d4 c5 12. bxc6 Bxc6 13. Qe2 Qc8 14. Nd2 Qb7 15.
e4 Rfe8 16. f3 h6 17. Nb3 Bb4 18. Rfc1 Reb8 19. Na2 Bf8 20. Bc3 Bxa4 21. Nb4 b5
22. Na5 Qb6 23. Nbc6 Rc8 24. Rcb1 Rxc6 25. Rxa4 Qc7 26. Nxc6 bxa4 27. d5 exd5
28. exd5 Bd6 29. g3 Re8 30. Qa2 Ne5 31. Ba5 Qd7 32. Nxe5 Bxe5 33. Bxa6 Qxd5 34.
Bc4 Qxf3 35. Bxf7+ Kh8 36. Qg2 Bd4+ 37. Kh1 Qxg2+ 38. Kxg2 Re2+ 39. Kh1 Ng4 0-1

[Event "Guernsey Open"]
[Site "Guernsey"]
[Date "2009.10.18"]
[Round "1"]
[White "Brookfield, Toby"]
[Black "Maruejols, Claude"]
[Result "1-0"]
[WhiteElo "1779"]
[BlackElo "2052"]
[PlyCount "103"]
[EventDate "2009.10.18"]

1. f4 d5 2. Nf3 Nf6 3. e3 g6 4. Be2 Bg7 5. d3 c5 6. O-O b5 7. Ne5 Bb7 8. Bf3
Qb6 9. Kh1 Nbd7 10. Nxd7 Nxd7 11. Nc3 Nf6 12. Qe2 Rd8 13. e4 d4 14. Nd1 O-O 15.
Nf2 Rd7 16. Ng4 Nxg4 17. Bxg4 e6 18. f5 exf5 19. exf5 Rdd8 20. Qf2 Rde8 21. Bd2
f6 22. fxg6 hxg6 23. Rae1 Bd5 24. b3 Qa6 25. Bf3 Bf7 26. Bf4 b4 27. h4 Rxe1 28.
Rxe1 Re8 29. h5 g5 30. Rxe8+ Bxe8 31. Bd5+ Kh7 32. Qe2 Qc8 33. Bd6 Bd7 34. Qe7
Bg4 35. Qf7 Kh8 36. h6 Bxh6 37. Qxf6+ Bg7 38. Qxg5 Kh7 39. Qh4+ Kg6 40. Be4+
Kf7 41. Qe7+ Kg8 42. Bd5+ Kh7 43. Be5 Qd7 44. Qh4+ Kg6 45. Bxg7 Kxg7 46. Qg5+
Kh7 47. Be4+ Kh8 48. Qxc5 Kg7 49. Qxb4 Bd1 50. c3 dxc3 51. Qxc3+ Kf7 52. Qh8
1-0

[Event "Guernsey Open"]
[Site "Guernsey"]
[Date "2009.10.18"]
[Round "1"]
[White "Morris Hill, Ray"]
[Black "Henbest, Kevin"]
[Result "1-0"]
[WhiteElo "2048"]
[BlackElo "1746"]
[PlyCount "61"]
[EventDate "2009.10.18"]

1. e4 c5 2. Nf3 d6 3. Bb5+ Bd7 4. Bxd7+ Qxd7 5. O-O Nc6 6. c3 g6 7. d4 cxd4 8.
cxd4 Bg7 9. Nc3 e6 10. Re1 Nge7 11. d5 Ne5 12. Nxe5 Bxe5 13. f4 Bxc3 14. bxc3
Rc8 15. Qd4 O-O 16. Bb2 b5 17. dxe6 fxe6 18. c4 e5 19. fxe5 Rxc4 20. Qxd6 Qg4
21. Qd3 Qh4 22. g3 Qg4 23. Kg2 h5 24. h3 Qg5 25. Rf1 Rfc8 26. Rf2 Kh7 27. e6
Qc5 28. Rf7+ Kh6 29. Bg7+ Kg5 30. h4+ Kg4 31. Qf3# 1-0

[Event "Guernsey Open"]
[Site "Guernsey"]
[Date "2009.10.18"]
[Round "1"]
[White "Luijendijk, Pieter"]
[Black "Hamperl, Fred A"]
[Result "1/2-1/2"]
[WhiteElo "1720"]
[BlackElo "2046"]
[PlyCount "107"]
[EventDate "2009.10.18"]

1. e4 c5 2. a3 Nc6 3. b4 e5 4. bxc5 Bxc5 5. Nc3 Nf6 6. Bc4 O-O 7. d3 d6 8. Bg5
h6 9. Bxf6 Qxf6 10. Nf3 Nd4 11. Nd5 Nxf3+ 12. Qxf3 Qxf3 13. gxf3 Kh8 14. Rg1
Be6 15. Ke2 Rab8 16. a4 Rfc8 17. Rg2 Bxd5 18. Bxd5 Bd4 19. Ra2 Rc7 20. Bc4 Rf8
21. Ra3 f5 22. Rb3 g5 23. c3 fxe4 24. fxe4 Bb6 25. Be6 Rf6 26. Bf5 d5 27. f3
Ba5 28. Rg1 Rxc3 29. Rxc3 Bxc3 30. Rb1 b6 31. Rb3 Bd4 32. Rb5 dxe4 33. fxe4 Bc5
34. Rb1 a5 35. Rf1 Kg7 36. Bd7 Rxf1 37. Kxf1 Kf6 38. Kg2 Ke7 39. Bb5 h5 40. h3
Be3 41. Bc4 Kd6 42. Bb5 Kc5 43. Bc4 Kb4 44. Bb5 Kc3 45. Bc4 Kd2 46. Bb5 Bf4 47.
Bc4 Ke3 48. Bb5 g4 49. hxg4 hxg4 50. Bc4 Kd4 51. Bb5 Kc5 52. Bc4 Kb4 53. Bb5
Kb3 54. Kf1 1/2-1/2

[Event "Guernsey Open"]
[Site "Guernsey"]
[Date "2009.10.18"]
[Round "1"]
[White "Dijksterhuis, Rolf"]
[Black "Staneland, Peter"]
[Result "1-0"]
[WhiteElo "2045"]
[BlackElo "1705"]
[PlyCount "51"]
[EventDate "2009.10.18"]

1. e4 e6 2. d4 d5 3. Nc3 Bb4 4. Nge2 dxe4 5. a3 Be7 6. Nxe4 Nf6 7. N2g3 Nbd7 8.
Be2 O-O 9. O-O b6 10. Bf3 Rb8 11. c4 Bb7 12. Bf4 Nxe4 13. Nxe4 Nf6 14. Qd3 a5
15. Rfd1 Qd7 16. Rac1 Rfd8 17. Ng5 Bd6 18. Be3 Qe7 19. Bxb7 Rxb7 20. Ne4 c5 21.
Bg5 cxd4 22. Qh3 Rc8 23. Qh4 Be5 24. f4 Bd6 25. Nxf6+ gxf6 26. Bxf6 1-0

[Event "Guernsey Open"]
[Site "Guernsey"]
[Date "2009.10.18"]
[Round "1"]
[White "Bridel, Jon"]
[Black "Von Saldern, Ruediger"]
[Result "0-1"]
[WhiteElo "1647"]
[BlackElo "2040"]
[PlyCount "64"]
[EventDate "2009.10.18"]

1. b3 e5 2. Bb2 Nc6 3. e3 d5 4. Bb5 Bd6 5. Nf3 Qe7 6. d4 e4 7. Ne5 Bd7 8. Nxd7
Qxd7 9. Nd2 a6 10. Be2 f5 11. c4 Nf6 12. c5 Be7 13. Bc3 O-O 14. b4 Nd8 15. a4
c6 16. Rb1 Ne6 17. Rb3 f4 18. exf4 Nxf4 19. O-O Rae8 20. Nb1 Bd8 21. Bd2 Nxe2+
22. Qxe2 Bc7 23. Bg5 Ng4 24. g3 h6 25. h3 Nxf2 26. Rxf2 Rxf2 27. Qxf2 hxg5 28.
g4 Rf8 29. Qg2 Qf7 30. Rb2 Qf6 31. Rf2 Qxd4 32. Qf1 Bg3 0-1

[Event "Guernsey Open"]
[Site "Guernsey"]
[Date "2009.10.19"]
[Round "2"]
[White "Minnican, Alan William"]
[Black "Hillarp Persson, Tiger"]
[Result "0-1"]
[WhiteElo "2105"]
[BlackElo "2577"]
[PlyCount "138"]
[EventDate "2009.10.18"]

1. d4 Nf6 2. Nf3 e6 3. Bf4 b6 4. e3 Bb7 5. Bd3 d6 6. Nbd2 h6 7. h3 g6 8. a4 Nc6
9. c3 Bg7 10. Bh2 O-O 11. Qe2 a6 12. O-O Nd7 13. b4 e5 14. b5 axb5 15. axb5 Na5
16. dxe5 dxe5 17. Be4 Bxe4 18. Nxe4 f5 19. Ned2 Qe7 20. Nc4 Nb7 21. Qd2 Qe6 22.
Rad1 Nbc5 23. Qd5 Qxd5 24. Rxd5 e4 25. Nfe5 Nxe5 26. Nxe5 Bxe5 27. Bxe5 {(=)}
Rf7 28. Bd4 Ne6 29. Be5 Kh7 30. Rfd1 g5 31. f3 exf3 32. gxf3 Kg6 33. f4 Ra4 34.
Rd7 Re4 35. Rxf7 Kxf7 36. Rd7+ Ke8 37. Rh7 Rxe3 38. Rxh6 gxf4 39. Rh8+ Ke7 40.
Rh7+ Kf8 41. Bf6 Rg3+ 42. Kf1 Rf3+ 43. Kg2 Rd3 44. h4 f3+ 45. Kf1 Rd2 46. Re7
Nc5 47. Bg5 Rb2 48. Re3 Ne4 49. Rxf3 Rxb5 50. Bf4 Nf6 51. Bg5 Nh5 52. Rd3 Rb2
53. Rd2 Rxd2 54. Bxd2 Ke7 55. Ke2 Kd6 56. Kd3 Ke5 57. c4 f4 58. Bc3+ Kf5 59.
Kd4 c6 60. Kd3 Ng3 61. Be1 Kg4 62. Kd4 Kxh4 63. Ke5 Kg4 64. Kd6 c5 65. Kc6 Ne2
66. Kxb6 Nc1 67. Bd2 Nd3 68. Kc6 f3 69. Be3 Kg3 0-1

[Event "Guernsey Open"]
[Site "Guernsey"]
[Date "2009.10.19"]
[Round "2"]
[White "Korneev, Oleg"]
[Black "Paardekam, Rene"]
[Result "1-0"]
[WhiteElo "2554"]
[BlackElo "2072"]
[PlyCount "99"]
[EventDate "2009.10.18"]

1. e4 c6 2. d4 d5 3. Nd2 dxe4 4. Nxe4 Bf5 5. Ng3 Bg6 6. h4 h6 7. Nf3 Nd7 8. h5
Bh7 9. Bd3 Bxd3 10. Qxd3 Ngf6 11. Bf4 e6 12. O-O-O Be7 13. Ne4 Nxe4 14. Qxe4
Nf6 15. Qe2 Qd5 16. c4 Qe4 17. Qd2 Bb4 18. Qe3 Qxe3+ 19. Bxe3 O-O-O 20. Ne5
Rhf8 21. Kc2 Bd6 22. f3 Bxe5 23. dxe5 Rxd1 24. Kxd1 Rd8+ 25. Ke2 Nd7 26. Bd4 a6
27. Rh4 Rg8 28. Rg4 Kd8 29. f4 Ke7 30. c5 Kf8 31. Rg3 Ke7 32. a4 Kd8 33. Kf3
Ke7 34. Ke4 Kd8 35. Rb3 Kc7 36. Rh3 Kd8 37. g4 Ke7 38. Rb3 Rb8 39. g5 hxg5 40.
fxg5 g6 41. h6 Nf8 42. Bc3 Nh7 43. Ba5 Kd7 44. Kf4 Nf8 45. Rd3+ Ke8 46. Bc7 Rc8
47. Bd6 Rd8 48. Bxf8 Rxd3 49. h7 Rh3 50. Bh6 1-0

[Event "Guernsey Open"]
[Site "Guernsey"]
[Date "2009.10.19"]
[Round "2"]
[White "Thurlow, Kevin J"]
[Black "Kurajica, Bojan"]
[Result "0-1"]
[WhiteElo "2070"]
[BlackElo "2517"]
[PlyCount "92"]
[EventDate "2009.10.18"]

1. c4 e6 2. Nc3 Bb4 3. Qc2 Nf6 4. e4 d6 5. d4 c5 6. d5 O-O 7. Bd3 exd5 8. exd5
b5 9. Nge2 bxc4 10. Bxc4 Bxc3+ 11. bxc3 Nbd7 12. Bd3 Ne5 13. c4 Qa5+ 14. Bd2
Qa3 15. Nc1 Nxd3+ 16. Qxd3 Re8+ 17. Kf1 Qxd3+ 18. Nxd3 Ba6 19. Rc1 Re4 20. Nb2
Rb8 21. Rc2 Nxd5 22. f3 Ne3+ 23. Bxe3 Rxe3 24. Kf2 Ra3 25. Nd1 Rb1 26. Re1 Kf8
27. Re3 Ra4 28. Rd2 Bxc4 29. Nc3 Rf1+ 30. Kg3 Ra6 31. Ne4 Be6 32. Nxd6 h6 33.
Nb7 Rc1 34. Rd8+ Ke7 35. Rc8 Rxa2 36. Rc7+ Kf6 37. Nxc5 Rg1 38. h4 Rgxg2+ 39.
Kf4 g5+ 40. hxg5+ hxg5+ 41. Ke4 Bf5+ 42. Kd4 Rgd2+ 43. Kc4 Rac2+ 44. Kb5 Rb2+
45. Kc4 a5 46. Ra7 Rb4+ 0-1

[Event "Guernsey Open"]
[Site "Guernsey"]
[Date "2009.10.19"]
[Round "2"]
[White "Bolt, Graham"]
[Black "Van Voorthuijsen, Peewee"]
[Result "1/2-1/2"]
[WhiteElo "2054"]
[BlackElo "2300"]
[PlyCount "65"]
[EventDate "2009.10.18"]

1. g3 d5 2. Bg2 Nf6 3. d3 e5 4. Bg5 c6 5. Nd2 h6 6. Bxf6 Qxf6 7. c4 dxc4 8.
Nxc4 Bb4+ 9. Kf1 Nd7 10. Nf3 O-O 11. Bh3 Re8 12. Kg2 b5 13. Ncd2 Qe7 14. a3
Bxd2 15. Qxd2 Nc5 16. Bxc8 Rexc8 17. Qc2 e4 18. dxe4 Nxe4 19. Nd4 c5 20. Nxb5
Nxg3 21. hxg3 Qb7+ 22. f3 Qxb5 23. a4 {(=)} Qb7 24. Rad1 Rab8 25. Rd2 Qe7 26.
Rh4 Rc6 27. Rc4 Qc7 28. Rd5 Rg6 29. g4 Qb7 30. Rdxc5 Qxb2 31. Rc8+ Kh7 32. Rxb8
Qxb8 33. Rc6 1/2-1/2

[Event "Guernsey Open"]
[Site "Guernsey"]
[Date "2009.10.19"]
[Round "2"]
[White "Goessling, Guido"]
[Black "Goris, Ton"]
[Result "1-0"]
[WhiteElo "2277"]
[BlackElo "2060"]
[PlyCount "91"]
[EventDate "2009.10.18"]

1. e4 e6 2. d4 d5 3. Nc3 Bb4 4. e5 c5 5. a3 Ba5 6. b4 cxd4 7. Nb5 Bc7 8. f4 Nc6
9. Nf3 f6 10. exf6 Nxf6 11. Nxc7+ Qxc7 12. Bb5 O-O 13. O-O Bd7 14. Bxc6 Bxc6
15. Qxd4 Bb5 16. Re1 Qxc2 17. Bb2 Qd3 18. Rxe6 Qxd4+ 19. Bxd4 Ne4 20. Re7 Rf7
21. Rxf7 Kxf7 22. Rc1 Bc4 23. Ne5+ Ke6 24. Nxc4 dxc4 25. Bxg7 b5 26. Kf1 Kf5
27. g3 Rd8 28. Re1 Rd3 29. Bh6 Rxa3 30. g4+ Kg6 31. Rxe4 Kxh6 32. Ke2 Ra2+ 33.
Ke3 Rxh2 34. Re6+ Kg7 35. Re7+ Kf6 36. Rxa7 Rb2 37. Rxh7 Rxb4 38. g5+ Kg6 39.
Rh6+ Kg7 40. f5 c3 41. f6+ Kg8 42. g6 c2 43. Kd2 Rf4 44. g7 Rf2+ 45. Kc1 Rg2
46. Rh8+ 1-0

[Event "Guernsey Open"]
[Site "Guernsey"]
[Date "2009.10.19"]
[Round "2"]
[White "Morris Hill, Ray"]
[Black "Mack, Wolfgang"]
[Result "0-1"]
[WhiteElo "2048"]
[BlackElo "2257"]
[PlyCount "64"]
[EventDate "2009.10.18"]

1. e4 g6 2. f4 Bg7 3. Nf3 d5 4. e5 c5 5. Nc3 Nc6 6. Bb5 Bd7 7. d4 cxd4 8. Nxd4
e6 9. Be3 Nge7 10. O-O O-O 11. Qd2 b6 12. Bxc6 Bxc6 13. Rae1 Qd7 14. Bf2 Bb7
15. Bh4 Rfc8 16. Rf3 Rc4 17. Bf2 Ba6 18. g4 Nc6 19. Nce2 Ra4 20. a3 Bxe2 21.
Rxe2 Bf8 22. f5 Rxd4 23. Bxd4 Nxd4 24. Rf1 Nxe2+ 25. Qxe2 Rc8 26. h4 Qc6 27.
fxg6 fxg6 28. c3 Bg7 29. g5 Qc4 30. Qh2 Qg4+ 31. Kh1 Rc4 32. b3 Rxc3 0-1

[Event "Guernsey Open"]
[Site "Guernsey"]
[Date "2009.10.19"]
[Round "2"]
[White "Reijneveld, Ad"]
[Black "Dijksterhuis, Rolf"]
[Result "1/2-1/2"]
[WhiteElo "2185"]
[BlackElo "2045"]
[PlyCount "45"]
[EventDate "2009.10.18"]

1. e4 e5 2. Nc3 Nf6 3. f4 d5 4. fxe5 Nxe4 5. Nf3 Be7 6. Qe2 Nxc3 7. dxc3 O-O 8.
Be3 Nd7 9. O-O-O c6 10. c4 Qa5 11. cxd5 cxd5 12. Kb1 Nb6 13. Qb5 Qxb5 14. Bxb5
Nc4 15. Rhe1 a6 16. Ba4 b5 17. Bb3 Be6 18. Bg5 Bc5 19. c3 h6 20. Bc1 Rfd8 21.
Bc2 Bg4 22. h3 Be6 23. Nd4 1/2-1/2

[Event "Guernsey Open"]
[Site "Guernsey"]
[Date "2009.10.19"]
[Round "2"]
[White "Von Saldern, Ruediger"]
[Black "Havenaar, Jan"]
[Result "1/2-1/2"]
[WhiteElo "2040"]
[BlackElo "2176"]
[PlyCount "79"]
[EventDate "2009.10.18"]

1. d4 g6 2. Bf4 Bg7 3. e3 d6 4. Nf3 Nf6 5. c3 O-O 6. Be2 Nbd7 7. h3 c6 8. O-O
Qc7 9. Nbd2 c5 10. Rc1 b6 11. Ng5 h6 12. Nge4 Bb7 13. Bf3 Rac8 14. Nxf6+ Nxf6
15. dxc5 bxc5 16. Bxb7 Qxb7 17. Qc2 Rb8 18. Rb1 Qc6 19. Bg3 Rb7 20. e4 c4 21.
Rfe1 Nh5 22. Bh2 e5 23. Nf1 Nf4 24. Bxf4 exf4 25. Nd2 Re8 26. Re2 Rbe7 27. Rbe1
f5 28. f3 fxe4 29. Nxe4 d5 30. Nf2 Rxe2 31. Rxe2 Rxe2 32. Qxe2 d4 33. cxd4 Bxd4
34. Kh2 Be3 35. Ng4 Qc5 36. Nxh6+ Kg7 37. Ng4 Qd4 38. Qe1 Qxb2 39. Nxe3 fxe3
40. Qxe3 1/2-1/2

[Event "Guernsey Open"]
[Site "Guernsey"]
[Date "2009.10.19"]
[Round "2"]
[White "Baumert, Christian"]
[Black "Gravett, Alan D"]
[Result "1-0"]
[WhiteElo "2142"]
[BlackElo "1909"]
[PlyCount "43"]
[EventDate "2009.10.18"]

1. d4 Nf6 2. c4 d6 3. Nc3 e5 4. dxe5 dxe5 5. Qxd8+ Kxd8 6. Nf3 Nbd7 7. e3 h6 8.
Be2 c6 9. O-O Bb4 10. Bd2 a5 11. a3 Bd6 12. Rfd1 Nc5 13. Be1 Kc7 14. b4 axb4
15. axb4 Rxa1 16. Rxa1 Ncd7 17. c5 Be7 18. Na4 e4 19. Nd2 Ne5 20. Nb6 Be6 21.
f3 Nd3 22. Bg3+ 1-0

[Event "Guernsey Open"]
[Site "Guernsey"]
[Date "2009.10.19"]
[Round "2"]
[White "Franklin, Samuel"]
[Black "Brooker, Chris H"]
[Result "1-0"]
[WhiteElo "2131"]
[BlackElo "1866"]
[PlyCount "97"]
[EventDate "2009.10.18"]

1. e4 d5 2. exd5 Qxd5 3. Nf3 Bg4 4. Be2 Nf6 5. d4 e6 6. h3 Bh5 7. O-O Be7 8. c4
Qd8 9. Qb3 Qc8 10. Nc3 c6 11. Bf4 Nbd7 12. Rfd1 Nb6 13. a4 O-O 14. a5 Nbd7 15.
Qa4 Rd8 16. Rac1 Nf8 17. d5 exd5 18. cxd5 N8d7 19. a6 Nb6 20. axb7 Qxb7 21.
dxc6 Qc8 22. Rxd8+ Bxd8 23. Qb5 Bc7 24. Bg5 Bg6 25. Qa6 Ne4 26. Qxc8+ Rxc8 27.
Nxe4 Bxe4 28. Ba6 Re8 29. Bb7 a5 30. Bd2 a4 31. Ba5 Bd5 32. Rc5 Bb3 33. Rb5 Nd5
34. Rxd5 Bxd5 35. Bxc7 f6 36. Bd6 Kf7 37. Ba3 Re4 38. Kh2 Rc4 39. Kg3 Bxc6 40.
Bxc6 Rxc6 41. Nd4 Rc4 42. Nb5 Ke6 43. Kf3 Kd5 44. Ke3 Kc6 45. Nc3 Kb6 46. Kd3
Rh4 47. Bf8 g6 48. Be7 Rf4 49. Nd5+ 1-0

[Event "Guernsey Open"]
[Site "Guernsey"]
[Date "2009.10.19"]
[Round "2"]
[White "Carlucci, Paul"]
[Black "Schroer, Marcel"]
[Result "1/2-1/2"]
[WhiteElo "1970"]
[BlackElo "2127"]
[PlyCount "80"]
[EventDate "2009.10.18"]

1. d4 Nf6 2. Nf3 g6 3. e3 Bg7 4. Be2 O-O 5. O-O d5 6. b3 c5 7. Bb2 Qc7 8. Nbd2
Rd8 9. Re1 b6 10. Rc1 Bb7 11. Ne5 Nbd7 12. f4 Nf8 13. Bd3 Rac8 14. c3 a6 15. a4
e6 16. Qe2 Ra8 17. Rf1 Qe7 18. Ba3 N8d7 19. Ra1 Qe8 20. Ra2 Rdc8 21. g4 Rc7 22.
g5 Nh5 23. Ndf3 Nxe5 24. dxe5 Qc6 25. Nd2 Bf8 26. c4 Ng7 27. Kf2 Rd8 28. Ke1
Rcd7 29. cxd5 exd5 30. Bxa6 Bxa6 31. Qxa6 Nf5 32. Qe2 c4 33. Bxf8 cxb3 34. Nxb3
Qc3+ 35. Kf2 Kxf8 36. Rb2 Nxe3 37. Rc1 Ng4+ 38. Kg2 Ne3+ 39. Kf2 Ng4+ 40. Kg2
Ne3+ 1/2-1/2

[Event "Guernsey Open"]
[Site "Guernsey"]
[Date "2009.10.19"]
[Round "2"]
[White "Hoare, Amy"]
[Black "Van Veenendaal, Elmer"]
[Result "1-0"]
[WhiteElo "1797"]
[BlackElo "2120"]
[PlyCount "79"]
[EventDate "2009.10.18"]

1. e4 c5 2. c3 e6 3. d4 d5 4. e5 Bd7 5. Nf3 Qb6 6. Be2 Bb5 7. O-O Bxe2 8. Qxe2
Nc6 9. Be3 Rc8 10. dxc5 Bxc5 11. Bxc5 Qxc5 12. Nbd2 Nge7 13. Nb3 Qb6 14. Nfd4
O-O 15. Kh1 Nxd4 16. Nxd4 Rc4 17. f4 Nc6 18. Nxc6 bxc6 19. h3 Rb8 20. Qd3 Re4
21. b3 g6 22. Rac1 Qa5 23. Rc2 Rb6 24. Kh2 c5 25. Qg3 Qb5 26. Rff2 Qd7 27. Qf3
a5 28. c4 Rd4 29. cxd5 Rxd5 30. Rc4 Rb4 31. Rfc2 Qe7 32. Rxb4 cxb4 33. Rc8+ Kg7
34. f5 gxf5 35. Qg3+ Kh6 36. Rg8 Kh5 37. Qf3+ Kh6 38. Qf4+ Kh5 39. g4+ fxg4 40.
hxg4+ 1-0

[Event "Guernsey Open"]
[Site "Guernsey"]
[Date "2009.10.19"]
[Round "2"]
[White "Gant, Christopher"]
[Black "Brookfield, Toby"]
[Result "1-0"]
[WhiteElo "2235"]
[BlackElo "1779"]
[PlyCount "85"]
[EventDate "2009.10.18"]

1. e4 c5 2. c3 d6 3. d4 Nf6 4. dxc5 Nc6 5. cxd6 Nxe4 6. Nf3 Nxd6 7. Be2 Bf5 8.
O-O e6 9. Qa4 Be7 10. Nd4 Qb6 11. Be3 Qc7 12. Bf3 O-O 13. Nxc6 bxc6 14. Nd2
Rab8 15. b3 Rfc8 16. Qxa7 Qxa7 17. Bxa7 Ra8 18. Bc5 Nc4 19. Nxc4 Bxc5 20. Rfd1
Ra7 21. Ne5 Ba3 22. Rd2 f6 23. Nc4 Bf8 24. h3 e5 25. Bg4 Bxg4 26. hxg4 Rcc7 27.
Kf1 Rd7 28. Rxd7 Rxd7 29. Ke2 Kf7 30. a4 Bc5 31. b4 Ba7 32. Na5 Ke6 33. Nxc6
Kd5 34. Nxa7 Rxa7 35. Kd3 e4+ 36. Kc2 g6 37. Rd1+ Ke5 38. Kb3 f5 39. gxf5 gxf5
40. b5 f4 41. Kb4 f3 42. gxf3 exf3 43. b6 1-0